ბათუმის შოთა რუსთაველის სახელმწიფო უნივერსიტეტის ბიბლიოთეკა

უცხოური ენების შესწავლის ხელშემწყობი პირობები დაწყებით კლასებში / (ბიბ.ჩანაწერი № 55304)

000 -ლიდერი
ფიქსირებული სიგრძის საკონტროლო ველი 01556nam a2200265Ia 4500
001 - საკონტროლო ნომერი
საკონტროლო ველი 22381
003 - საკონტროლო ნომრის იდენტიფიკატორი
საკონტროლო ველი GE_BSU
005 - ბოლო ოპერაციის თარიღი და დრო
საკონტროლო ველი 20221221160821.0
008 - ფიქსირებული სიგრძის მონაცემთა ელემენტები - ზოგადი ინფორმაცია
ფიქსირებული სიგრძის საკონტროლო ველი 181216s2018||||ge |||||||||||||| ||geo||
040 ## - კატალოგიზაციის წყარო
Transcribing agency GE_BSU
041 ## - ენის კოდი
Language code of text/sound track or separate title geo
080 ## - უნივერსალური ათობითი კლასიფიკაციის ინდექსი
Universal Decimal Classification number 37 ხ-29
100 ## - მთავარი ჩანაწერი - პიროვნების სახელი
Personal name ხასაია, ია
9 (RLIN) 10725
245 ## - ცნობა სათაურის შესახებ
Title უცხოური ენების შესწავლის ხელშემწყობი პირობები დაწყებით კლასებში /
Statement of responsibility, etc ია ხასაია; მეცნ. ხელმძღვ. ლ. თავდგირიძე; ბსუ. განათლების ფაკულტეტი. პედაგოგიურ მეცნ. დეპარტამენტი.
264 ## - წარმოების, გამოცემის, დისტრიბუციის და სხვა ცნობები
გამოცემის, წარმოების, დისტრიბუციის... ადგილი ბათუმი,
გამოცემის, წარმოების, დისტრიბუციის... თარიღი 2018.
300 ## - ფიზიკური აღწერა
Extent 176 გვ. ;
Other physical details 30 სმ.
504 ## - BIBLIOGRAPHY, ETC. NOTE
Bibliography, etc ბიბლ.გვ.157-163
653 ## - INDEX TERM--UNCONTROLLED
Uncontrolled term პედაგოგიკა;
653 ## - INDEX TERM--UNCONTROLLED
Uncontrolled term უცხოური ენების შესწავლის ხელშემწყობი პირობები დაწყებით კლასებში
653 ## - INDEX TERM--UNCONTROLLED
Uncontrolled term დისერტაცია
653 ## - INDEX TERM--UNCONTROLLED
Uncontrolled term ლინგვისტიკა ფილოლოგია
700 ## - ADDED ENTRY--PERSONAL NAME
Personal name თავდგირიძე, ლ.
Relator term მეცნ. ხელმძღვანელი
9 (RLIN) 10726
710 ## - ADDED ENTRY--CORPORATE NAME
Corporate name or jurisdiction name as entry element ბსუ.
Subordinate unit განათლების ფაკულტეტი. პედაგოგიურ მეცნ. დეპარტამენტი
9 (RLIN) 10727
942 ## - ADDED ENTRY ELEMENTS (KOHA)
Koha item type დისერტაცია
Source of classification or shelving scheme
ეგზემპლარები
ჩამოწერის სტატუსი დაკარგული ეგზემპლარის სტატუსი კლასიფიკაციის წყარო ან თაროზე გაწყობის სქემა დაზიანების სტატუსი არ გაიცემა მუდმივი მდებარეობა (დაცვის ადგილი) ამჟამინდელი ადგილსამყოფელი თაროზე განთავსების ადგილი შეძენის თარიღი სრული შენახვის შიფრი შტრიხკოდი ბოლო ოპერაციის თარიღი ეგზემპლარის მიმდევრობითი ნომერი (კეტერი?) ფასის ძალაში შესვლის თარიღი ეგზემპლარის სახეობა საჯარო შენიშვნა
          ბათუმის შოთა რუსთაველის სახელმწიფო უნივერსიტეტის მთავარი ბიბლიოთეკა ბათუმის შოთა რუსთაველის სახელმწიფო უნივერსიტეტის მთავარი ბიბლიოთეკა წიგნსაცავი 2018-12-17 37 ხ-29 304 დისერტ 2018-12-17 304 2018-12-17 დისერტაცია